000 00636nam a2200241 i 4500
001 C2-0282606
003 PPAK
005 20180728012923.0
008 071016s2002 nyu |||| ||||| | eng d
020 _a0806993987
040 _aPPAK
_beng
_cPPAK
_erda
082 0 4 _a641.813
_223
090 0 0 _a641.813
_bGIL
_dR
100 1 _aGillespie, Gregg R.,
_eauthor
245 1 0 _a365 vegetarian soups
264 1 _aNew York :
_bSterling Publishing ,
_c2002
300 _a272 pages ;
_c24 cm
336 _2rdacontent
_atext
337 _2rdamedia
_aunmediated
338 _2rdacarrier
_avolume
650 1 0 _aVegetable soup
942 _ddc
_cB
999 _c88835
_d88835